| 000 | 00763nam a2200229 a 4500 | ||
|---|---|---|---|
| 003 | PILC | ||
| 005 | 20150819141156.0 | ||
| 008 | 100721s19uu xx 00 eng d | ||
| 020 | _a9814053554 | ||
| 050 |
_aHD 2755.5 _b.D186 2000 |
||
| 082 |
_aMnSF 658.1821 _bD22 2000 |
||
| 100 |
_aDaniels, John D. _916720 |
||
| 245 |
_aInternational business : _bEnvironment and operations / |
||
| 250 | _a10th edition. | ||
| 260 |
_aSingapore : _bPearson Education Asia Pte Ltd, _c2004. |
||
| 300 |
_a909 pages : _bcolor illustrations ; _c25 cm. |
||
| 500 | _aIncludes bibliographical references, glossary and index. | ||
| 650 |
_aBusiness international _916721 |
||
| 650 |
_aBusiness - Environments - _916722 |
||
| 700 |
_aRadebaugh, Lee H. _916723 |
||
| 942 |
_2lcc _cBK |
||
| 999 |
_c288410 _d288410 |
||